[Event "AUTO-MASTER-3291"]
[Site "http://www.queenalice.com/game.php?id=1867239"]
[Date "2025.12.18"]
[Round "1"]
[White "BeatifulDevil56"]
[Black "Capixabba789"]
[Result "1-0"]
[WhiteElo "2127"]
[BlackElo "1844"]

1. Nf3 d6 2. e4 e5 3. Nc3 Nf6 4. d4 exd4 5. Qxd4 Be7 6. Bg5 Nc6 7. Qd1 O-O 8.
Bd3 Bg4 9. h3 Be6 10. O-O Ne5 11. Qe2 c5 12. Nxe5 dxe5 13. a4 a5 14. Rad1 Qc7
15. Bc4 Bxc4 16. Qxc4 Rfd8 17. Rxd8+ Rxd8 18. Bxf6 Bxf6 19. Nd5 Qc6 20. Qb5 Qxb5
21. axb5 Ra8 22. g3 Kf8 23. Ra1 Bd8 24. c4 b6 25. f4 exf4 26. gxf4 h6 27. e5 Ra7
28. f5 Bg5 29. Nxb6 Be3+ 30. Kg2 Bd4 31. e6 fxe6 32. fxe6 Re7 33. Re1 g5 34. Nc8
Re8 35. e7+ Kg8 36. Nd6 1-0

[Event "AUTO-MASTER-3291"]
[Site "http://www.queenalice.com/game.php?id=1867240"]
[Date "2025.12.18"]
[Round "1"]
[White "Capixabba789"]
[Black "BeatifulDevil56"]
[Result "0-1"]
[WhiteElo "1883"]
[BlackElo "2148"]

1. d4 d5 2. Nc3 Nf6 3. f4 e6 4. Nf3 Bd7 5. e3 c5 6. Be2 Bd6 7. O-O a6 8. Ne5 Nc6
9. Bf3 c4 10. Ne2 O-O 11. Ng3 g6 12. c3 h5 13. b4 b5 14. a3 a5 15. Nxh5 gxh5 16.
Bxh5 Ne7 17. Bd2 Nf5 18. Bf3 Nh4 19. Qe1 Ng6 20. Qg3 Kg7 21. Nxg6 fxg6 22. Rae1
Ne4 23. Bxe4 dxe4 24. Qf2 Rf7 25. Kh1 Bc6 26. Qe2 Qh4 27. Qf2 Qxf2 28. Rxf2 e5
29. h3 Raf8 30. Ref1 exd4 31. cxd4 Bd5 32. g3 g5 33. Be1 Rc7 34. Kh2 gxf4 35.
gxf4 Rh8 36. Rg2+ Kf6 37. Rg5 Be6 38. Rg3 Rch7 39. Rg5 Rxh3+ 40. Kg2 Rxe3 41.
Rxb5 Rxa3 42. Rxa5 Rxa5 43. bxa5 Ra8 44. Rh1 Bxf4 45. Bh4+ Kf7 46. Rf1 Rg8+ 47.
Bg3 Rxg3+ 48. Kh1 Rf3 49. Ra1 c3 0-1

[Event "AUTO-MASTER-3291"]
[Site "http://www.queenalice.com/game.php?id=1867241"]
[Date "2025.12.18"]
[Round "1"]
[White "BeatifulDevil56"]
[Black "princesher"]
[Result "1-0"]
[WhiteElo "2119"]
[BlackElo "1980"]

1. e4 e5 2. Nc3 a6 3. Nf3 d6 4. Be2 Bg4 5. d3 h6 6. d4 Bxf3 7. Bxf3 exd4 8. Qxd4
c6 9. Bf4 Nf6 10. O-O-O c5 11. Qd3 Qc7 12. e5 dxe5 13. Bxe5 Qd7 14. Rhe1 Be7 15.
Bxf6 gxf6 16. Nd5 Qd6 17. Nxf6+ Qxf6 18. Qd8# 1-0

[Event "AUTO-MASTER-3291"]
[Site "http://www.queenalice.com/game.php?id=1867242"]
[Date "2025.12.18"]
[Round "1"]
[White "princesher"]
[Black "BeatifulDevil56"]
[Result "0-1"]
[WhiteElo "2016"]
[BlackElo "2206"]

1. e4 e6 2. a3 Nc6 3. Nf3 Bd6 4. b4 e5 5. Bb2 Nf6 6. d3 a6 7. c4 b6 8. h3 O-O 9.
g4 Bb7 10. Bg2 h6 11. Nh4 Nh5 12. gxh5 Qxh4 13. Qg4 Qe7 14. O-O a5 15. b5 Nd4
16. Bxd4 exd4 17. f4 f5 18. Qe2 fxe4 19. Bxe4 Bxe4 20. Qxe4 Qh4 21. Qd5+ Kh8 22.
Kg2 Rae8 23. Ra2 Re3 24. Rf3 Rxf4 25. Raf2 Rexf3 26. Rxf3 Rxf3 27. Qxf3 Qe1 28.
Qa8+ Kh7 29. Qe4+ Qxe4+ 30. dxe4 g6 31. hxg6+ Kxg6 32. Kf3 h5 33. a4 Kg5 34. Nd2
Bf4 35. Nf1 h4 36. e5 Kf5 37. Ke2 Bxe5 38. Nd2 Bf6 39. Kf3 Ke5 40. Kg4 d3 41.
Kf3 Kd4 42. Kf2 Be7 43. Ke1 Bb4 44. Kd1 Bxd2 45. Kxd2 Kxc4 46. Kd1 Kc3 47. Kc1
d2+ 48. Kd1 c6 49. bxc6 dxc6 50. Ke2 Kc2 51. Kf3 d1=B+ 52. Kf4 Kd3 53. Kg5 Bxa4
54. Kxh4 c5 55. Kg3 Kd2 56. h4 b5 57. h5 Bc2 58. h6 a4 59. Kf4 a3 60. Ke5 a2 61.
Kd5 a1=Q 62. Kxc5 Ba4 63. Kd6 Qd4+ 64. Ke6 Bb3+ 65. Ke7 Qe5+ 66. Kd8 Qd6+ 67.
Kc8 Qe7 68. Kb8 Be6 69. Ka8 Bd5+ 70. Kb8 Qb7# 0-1

[Event "AUTO-MASTER-3270"]
[Site "http://www.queenalice.com/game.php?id=1868085"]
[Date "2026.1.16"]
[Round "2"]
[White "BeatifulDevil56"]
[Black "IranSilva"]
[Result "1-0"]
[WhiteElo "2152"]
[BlackElo "2182"]

1. Nf3 d5 2. d4 Nf6 3. Bf4 e6 4. c3 c5 5. dxc5 Bxc5 6. Bg3 O-O 7. e3 Nc6 8. a3
a5 9. Qc2 Ne4 10. c4 b6 11. Bd3 Nf6 12. Nc3 Bb7 13. cxd5 exd5 14. O-O Bd6 15.
Bh4 h6 16. Nxd5 Be7 17. Bxf6 Bxf6 18. Rfd1 Kh8 19. Nxf6 Qxf6 20. Rac1 Rac8 21.
Qc3 Qe7 22. Be2 f6 23. Qb3 Ne5 24. Nxe5 Qxe5 25. Qxb6 Ba8 26. Rxc8 Rxc8 27. Rd8+
Rxd8 28. Qxd8+ Kh7 29. Qxa8 h5 30. Bd3+ f5 31. Qc8 g6 32. Qd7+ Kh6 33. Qd4 Qc7
34. Qf4+ 1-0

[Event "AUTO-MASTER-3270"]
[Site "http://www.queenalice.com/game.php?id=1868086"]
[Date "2026.1.16"]
[Round "2"]
[White "IranSilva"]
[Black "BeatifulDevil56"]
[Result "0-1"]
[WhiteElo "2168"]
[BlackElo "2195"]

1. Nf3 d5 2. d4 Nc6 3. Nc3 h6 4. Bf4 Bf5 5. a3 e6 6. e3 Bd6 7. Bg3 Bxg3 8. hxg3
a6 9. Bd3 Qd6 10. Bxf5 exf5 11. Qd3 g6 12. O-O-O h5 13. Nd2 O-O-O 14. Nb3 Nf6
15. Nc5 Ne7 16. Rh3 Kb8 17. f3 Rhe8 18. Qd2 Nd7 19. N3a4 Nb6 20. Nxb6 Qxb6 21.
Qc3 Ka7 22. g4 fxg4 23. fxg4 hxg4 24. Rh7 Nf5 25. Rxf7 Nxe3 26. Rg1 Nf5 27. Na4
Qxd4 28. Qxd4+ Nxd4 29. Rd1 Ne6 30. Rf6 d4 31. Rxg6 b5 32. Nc3 dxc3 33. Rxd8
Nxd8 34. bxc3 Re3 35. Rxg4 Rxc3 36. Kb2 Rc4 37. Rxc4 bxc4 38. Kc3 Kb6 39. Kxc4
Ne6 40. g4 Nf4 41. a4 c6 42. a5+ Kxa5 43. Kc5 Ng6 44. c4 Ne5 45. g5 Ka4 46. g6
Nxg6 47. Kxc6 Kb4 48. c5 Ne7+ 49. Kd6 a5 0-1